000 00534nam a2200181Ia 4500
003 GCL
008 140319s9999 xx 000 0 ara d
040 _aGCL /
_cGCL
082 0 4 _aط
_b229.7
_bع ت
100 1 _aعبدالسلام بدوى
245 1 0 _aالتابوت الطائر /
_cعبدالسلام بدوى
300 _a23 ص
490 _aعجائب المخلوقات فى كتاب الله
_v0
650 0 4 _aالاطفال
650 0 4 _aقصص الاطفال
650 0 4 _aالقصص الدينية
942 _2ddc
_cBK
999 _c45597
_d45597